| 000 | 00455nam a2200193Ia 4500 | ||
|---|---|---|---|
| 008 | 210210b1931 xxu||||| |||| 00| 0 eng d | ||
| 041 | _aeng | ||
| 082 | _a544/42 | ||
| 100 | _aDEBYE (P) | ||
| 245 | _aDipole moment and chemical structure | ||
| 260 |
_aLondon _bBlackie & Son Ltd. _c1931 |
||
| 300 | _a134 | ||
| 650 | _astructure | ||
| 650 | _amoment | ||
| 650 | _aDipole | ||
| 650 | _achemical | ||
| 690 | _aPhysical Chemistry | ||
| 906 | _a009690 | ||
| 999 |
_c127097 _d127097 |
||